000 00854nab a2200253 u 4500
001 13725
003 HDC
007 cr bn ---aaaaa
008 210213c mydr|nes 0 a may d
040 _aHDC
100 _aNabila Yasmin Razib
_eauthor
_97621
245 0 _aDana Dagangan Bursa Islam ASEAN pertama /
_cby Nabila Yasmin Razib
260 _aMalaysia:
_bUtusan Malaysia,
_c2015
336 _atext
_2rdacontent
337 _acomputer
_2rdamedia
338 _aonline resource
_2rdacarrier
650 _aIslamic commerce
_912079
650 _asmall and medium enterprise
_98448
710 _aUtusan Malaysia
856 _zRequest full-text at [email protected]
942 _2lcc
942 _cNEWS
942 _kNSWC 004541
999 _c11041
_d11041